[Event "English Womens Open Championship"]
[Site "Kenilworth"]
[Date "2023.05.27"]
[Round "3.6"]
[White "Kueh, Audrey"]
[Black "Sheikh, Anum"]
[Result "1-0"]
[WhiteElo "2129"]
[BlackElo "1751"]
[PlyCount "83"]
[EventDate "2023.05.26"]
[EventType "swiss"]
[EventRounds "7"]
[EventCountry "ENG"]
[SourceTitle "BritBase"]
[Source "John Saunders"]
[SourceDate "2023.05.30"]
[SourceVersion "1"]
[SourceVersionDate "2023.05.30"]
[SourceQuality "1"]

1. e4 e5 2. Nf3 Nc6 3. d4 exd4 4. Bc4 Be7 5. Nxd4 Ne5 6. Bb3 d6 7. O-O Nf6 8.
f4 Ng6 9. Nc3 O-O 10. Qd3 c6 11. Bd2 Qc7 12. a4 Nd7 13. Qf3 Nc5 14. Bc4 a5 15.
Kh1 Bf6 16. Nb3 Nxb3 17. Bxb3 Be6 18. Ra3 Bxb3 19. Rxb3 Rfe8 20. Ne2 Nf8 21.
Ng3 Ne6 22. Nh5 Qe7 23. Nxf6+ Qxf6 24. Rxb7 Nc5 25. Bc3 Qe6 26. f5 Qxe4 27. Qg3
g6 28. fxg6 Qxg6 29. Rbxf7 Qxg3 30. hxg3 Ne4 31. Rg7+ Kh8 32. Rff7 Nxc3 33.
Rxh7+ Kg8 34. bxc3 Re3 35. Rfg7+ Kf8 36. Rc7 Kg8 37. Rhd7 Rxc3 38. Rxd6 Rxc2
39. Rdxc6 Ra2 40. Rc4 Re8 41. Ra7 Re1+ 42. Kh2 1-0

[Event "English Womens Open Championship"]
[Site "Kenilworth"]
[Date "2023.05.27"]
[Round "3.7"]
[White "Subramanian, Anusha"]
[Black "Sengenberger, Sara"]
[Result "1-0"]
[WhiteElo "1858"]
[BlackElo "1415"]
[PlyCount "67"]
[EventDate "2023.05.26"]
[EventType "swiss"]
[EventRounds "7"]
[EventCountry "ENG"]
[SourceTitle "BritBase"]
[Source "John Saunders"]
[SourceDate "2023.05.30"]
[SourceVersion "1"]
[SourceVersionDate "2023.05.30"]
[SourceQuality "1"]

1. c4 c5 2. Nc3 Nc6 3. g3 Nf6 4. Bg2 e6 5. e4 g6 6. Nge2 Bg7 7. d4 d6 8. dxc5
dxc5 9. Qxd8+ Nxd8 10. Be3 Nd7 11. O-O-O O-O 12. f4 a6 13. Na4 Nc6 14. Nxc5 Rd8
15. Nxd7 Rxd7 16. Rxd7 Bxd7 17. Rd1 Be8 18. e5 Rd8 19. Nd4 Nxd4 20. Bxd4 Bc6
21. Bxc6 bxc6 22. b4 Bf8 23. c5 h5 24. h4 Be7 25. Kc2 Kf8 26. Kc3 f6 27. exf6
Bxf6 28. Rd3 Kf7 29. Bxf6 Rxd3+ 30. Kxd3 Kxf6 31. a4 Kf5 32. b5 axb5 33. a5 Kg4
34. a6 1-0

[Event "English Womens Open Championship"]
[Site "Kenilworth"]
[Date "2023.05.27"]
[Round "3.8"]
[White "Sivanandan, Bodhana"]
[Black "Hariharan, Shambavi"]
[Result "1-0"]
[WhiteElo "1792"]
[BlackElo "1523"]
[PlyCount "97"]
[EventDate "2023.05.26"]
[EventType "swiss"]
[EventRounds "7"]
[EventCountry "ENG"]
[SourceTitle "BritBase"]
[Source "John Saunders"]
[SourceDate "2023.05.30"]
[SourceVersion "1"]
[SourceVersionDate "2023.05.30"]
[SourceQuality "1"]

1. e4 c6 2. Nc3 d5 3. Nf3 Bg4 4. h3 Bxf3 5. Qxf3 e6 6. d3 Nd7 7. Be2 Ngf6 8.
Qg3 g6 9. O-O Bg7 10. Be3 O-O 11. f4 c5 12. e5 d4 13. exf6 Bxf6 14. Bd2 dxc3
15. Bxc3 Bxc3 16. bxc3 Qf6 17. Bf3 Rab8 18. c4 Rfd8 19. Rab1 Nb6 20. Rb3 Qd4+
21. Kh1 Qd7 22. Rfb1 Rdc8 23. Qe1 Rc7 24. Qa5 Nc8 25. Qc3 b6 26. Kh2 Ne7 27.
Be4 Nc6 28. Bxc6 Qxc6 29. Rb5 a6 30. Ra5 b5 31. cxb5 axb5 32. a4 b4 33. Qc4 Rb6
34. Re1 f6 35. Ra1 Kf7 36. Rb5 h5 37. Rxb6 Qxb6 38. a5 Qd6 39. a6 Qb6 40. d4
Qa7 41. dxc5 Rxc5 42. Qxc5 Qxc5 43. a7 Qd6 44. a8=Q Qxf4+ 45. Kh1 g5 46. Qf3
Qh4 47. Kh2 Kg6 48. Qd3+ f5 49. g3 1-0

[Event "English Womens Open Championship"]
[Site "Kenilworth"]
[Date "2023.05.27"]
[Round "3.9"]
[White "Catabay, Mae"]
[Black "Jayawarna, Thisumi"]
[Result "1/2-1/2"]
[WhiteElo "1542"]
[BlackElo "1500"]
[PlyCount "38"]
[EventDate "2023.05.26"]
[EventType "swiss"]
[EventRounds "7"]
[EventCountry "ENG"]
[SourceTitle "BritBase"]
[Source "John Saunders"]
[SourceDate "2023.05.30"]
[SourceVersion "1"]
[SourceVersionDate "2023.05.30"]
[SourceQuality "1"]

1. d4 Nf6 2. c4 c5 3. e3 g6 4. Nf3 Bg7 5. Nc3 O-O 6. Be2 a6 7. O-O cxd4 8. exd4
d6 9. h3 b6 10. Be3 Bb7 11. Qb3 Qc7 12. Rac1 Nbd7 13. Bf4 Rac8 14. d5 Rfe8 15.
Rfd1 Nc5 16. Qc2 h6 17. b3 Qd8 18. Qd2 Kh7 19. Be3 Nce4 1/2-1/2

[Event "English Womens Open Championship"]
[Site "Kenilworth"]
[Date "2023.05.27"]
[Round "3.10"]
[White "Dicen, Elis Denele"]
[Black "Walker, Kate"]
[Result "1-0"]
[WhiteElo "1925"]
[BlackElo "1541"]
[PlyCount "125"]
[EventDate "2023.05.26"]
[EventType "swiss"]
[EventRounds "7"]
[EventCountry "ENG"]
[SourceTitle "BritBase"]
[Source "John Saunders"]
[SourceDate "2023.05.30"]
[SourceVersion "1"]
[SourceVersionDate "2023.05.30"]
[SourceQuality "1"]

1. d4 d5 2. c4 e6 3. Nc3 Nf6 4. cxd5 exd5 5. Bg5 Be7 6. e3 O-O 7. Bd3 Nbd7 8.
Nge2 Re8 9. Qc2 c6 10. O-O Nf8 11. f3 Ng6 12. Rae1 Nh5 13. Bxe7 Qxe7 14. e4 Qg5
15. Kh1 Nhf4 16. Nxf4 Nxf4 17. e5 Nxd3 18. Qxd3 Bf5 19. Qe2 Re6 20. f4 Qg6 21.
Qe3 h5 22. Qf2 Rae8 23. Re3 Qh6 24. Qh4 Rg6 25. h3 f6 26. Rfe1 fxe5 27. Rxe5
Rf8 28. Re7 Bd3 29. R7e3 Ba6 30. g3 Rgf6 31. Na4 b6 32. Nc3 Qg6 33. Re7 R8f7
34. Re8+ Kh7 35. R8e5 Rf5 36. g4 Rxe5 37. Rxe5 Rxf4 38. Rxh5+ Kg8 39. Qd8+ Rf8
40. Rh8+ Kxh8 41. Qxf8+ Kh7 42. Qf2 Qe6 43. Kg2 Bb7 44. Kg3 Kg6 45. Ne2 Qd6+
46. Nf4+ Kh7 47. Qc2+ Kg8 48. h4 c5 49. Qd3 cxd4 50. Qxd4 Qc5 51. Qxc5 bxc5 52.
Ne6 c4 53. Kf4 Bc8 54. Nd4 Kf7 55. h5 a5 56. g5 Bh3 57. a3 Bf1 58. Ke5 Bg2 59.
g6+ Kf8 60. Nf5 Bf3 61. h6 gxh6 62. Kf6 d4 63. g7+ 1-0

[Event "English Womens Open Championship"]
[Site "Kenilworth"]
[Date "2023.05.27"]
[Round "3.11"]
[White "Milewska, Agnieszka"]
[Black "Gorrepati, Soumya"]
[Result "0-1"]
[WhiteElo "1643"]
[BlackElo "1612"]
[PlyCount "74"]
[EventDate "2023.05.26"]
[EventType "swiss"]
[EventRounds "7"]
[EventCountry "ENG"]
[SourceTitle "BritBase"]
[Source "John Saunders"]
[SourceDate "2023.05.30"]
[SourceVersion "1"]
[SourceVersionDate "2023.05.30"]
[SourceQuality "1"]

1. d4 d5 2. Bf4 Nf6 3. e3 e6 4. Bd3 Bd6 5. Bg3 O-O 6. Nf3 Nbd7 7. Nbd2 Re8 8.
Ne5 Nf8 9. c3 a6 10. Qc2 c5 11. dxc5 Bxc5 12. Ndf3 h6 13. O-O b5 14. b4 Bd6 15.
a4 Bxe5 16. Nxe5 Bd7 17. Nxd7 Qxd7 18. axb5 axb5 19. Qe2 Ne4 20. Bxe4 dxe4 21.
h3 f6 22. Rxa8 Rxa8 23. Rd1 Qc6 24. Bd6 Nd7 25. Qg4 Kf7 26. Qh5+ Kg8 27. Qg6
Nf8 28. Bxf8 Kxf8 29. g4 e5 30. h4 Qc4 31. g5 Qe2 32. Rc1 Qg4+ 33. Kf1 Qh3+ 34.
Kg1 Qg4+ 35. Kf1 Ra2 36. Re1 Qxh4 37. gxf6 Qxf2# 0-1

[Event "English Womens Open Championship"]
[Site "Kenilworth"]
[Date "2023.05.27"]
[Round "4.1"]
[White "Pert, Nina P"]
[Black "Rida, Ruqayyah"]
[Result "1-0"]
[WhiteElo "1999"]
[BlackElo "1842"]
[PlyCount "83"]
[EventDate "2023.05.26"]
[EventType "swiss"]
[EventRounds "7"]
[EventCountry "ENG"]
[SourceTitle "BritBase"]
[Source "John Saunders"]
[SourceDate "2023.05.30"]
[SourceVersion "1"]
[SourceVersionDate "2023.05.30"]
[SourceQuality "1"]

1. e4 e5 2. Nf3 Nc6 3. Bc4 Bc5 4. c3 Nf6 5. d4 exd4 6. cxd4 Bb4+ 7. Nbd2 Nxe4
8. d5 Ne7 9. O-O Nxd2 10. Nxd2 d6 11. Nb3 O-O 12. Bg5 f6 13. Bc1 Kh8 14. Bd3
Bc5 15. Qh5 g6 16. Qf3 Bf5 17. Bh6 Rf7 18. Nxc5 dxc5 19. Bc4 Ng8 20. Be3 b6 21.
Rad1 Rf8 22. Bf4 Qd7 23. Qg3 b5 24. Be2 Rac8 25. h4 Rfe8 26. Rd2 a6 27. b3 Qf7
28. Rc1 Be4 29. Bg4 f5 30. Bf3 Bxf3 31. Qxf3 Nf6 32. Rdd1 Ne4 33. Qd3 b4 34.
Be3 Nc3 35. Rd2 Qe7 36. Qc4 Ne4 37. Rdc2 c6 38. Bxc5 cxd5 39. Bd4+ Nf6 40. Qxc8
Rxc8 41. Rxc8+ Kg7 42. R8c7 1-0

[Event "English Womens Open Championship"]
[Site "Kenilworth"]
[Date "2023.05.27"]
[Round "4.2"]
[White "Longson, Sarah N"]
[Black "Maton, Emily"]
[Result "1/2-1/2"]
[WhiteElo "2031"]
[BlackElo "1766"]
[PlyCount "122"]
[EventDate "2023.05.26"]
[EventType "swiss"]
[EventRounds "7"]
[EventCountry "ENG"]
[SourceTitle "BritBase"]
[Source "John Saunders"]
[SourceDate "2023.05.30"]
[SourceVersion "1"]
[SourceVersionDate "2023.05.30"]
[SourceQuality "1"]

1. e4 c5 2. Nc3 Nc6 3. Bb5 Nd4 4. Nf3 Nxb5 5. Nxb5 d6 6. d4 a6 7. Nc3 cxd4 8.
Qxd4 e5 9. Qb4 Ne7 10. Be3 Nc6 11. Qb6 Qxb6 12. Bxb6 Be6 13. O-O-O Rc8 14. a3
Be7 15. Nd5 Bxd5 16. Rxd5 O-O 17. Kb1 f5 18. exf5 Rxf5 19. Nd2 Bd8 20. Bxd8
Nxd8 21. Ne4 Nf7 22. f3 Rc6 23. h3 Kf8 24. Rhd1 Ke7 25. R1d3 Rh5 26. Rb3 Ke6
27. Rbd3 Ke7 28. a4 Rh6 29. a5 Rg6 30. Rd2 Ng5 31. Nxg5 Rxg5 32. g4 Rg6 33. h4
Rf6 34. R5d3 Rf4 35. Rb3 Rc7 36. Rb6 Rf6 37. g5 Re6 38. Rd3 Kd7 39. Rdb3 Kc8
40. Kc1 h6 41. Kd2 hxg5 42. hxg5 Rg6 43. Ke3 Rxg5 44. Rxd6 Rxc2 45. Re6 Rc7 46.
Re8+ Kd7 47. Rb8 e4 48. Kxe4 Rxa5 49. R3xb7 g5 50. b4 Ra1 51. Rb6 a5 52. Rg8
Rc4+ 53. Kd5 Rxb4 54. Rg7+ Ke8 55. Ra6 Kf8 56. Rc7 Rd1+ 57. Ke5 Re1+ 58. Kf5
Rf4+ 59. Kxg5 Rxf3 60. Ra8+ Re8 61. Rxa5 Rfe3 1/2-1/2

[Event "English Womens Open Championship"]
[Site "Kenilworth"]
[Date "2023.05.27"]
[Round "4.3"]
[White "Toma, Katarzyna"]
[Black "Subramanian, Anusha"]
[Result "1-0"]
[WhiteElo "2254"]
[BlackElo "1858"]
[PlyCount "89"]
[EventDate "2023.05.26"]
[EventType "swiss"]
[EventRounds "7"]
[EventCountry "ENG"]
[SourceTitle "BritBase"]
[Source "John Saunders"]
[SourceDate "2023.05.30"]
[SourceVersion "1"]
[SourceVersionDate "2023.05.30"]
[SourceQuality "1"]

1. e4 e6 2. d4 d5 3. Nc3 dxe4 4. Nxe4 Nd7 5. Nf3 Ngf6 6. Nxf6+ Nxf6 7. Be3 Bd6
8. Bd3 b6 9. c3 Bb7 10. Qc2 Nd5 11. O-O-O Qf6 12. Qa4+ c6 13. Kb1 b5 14. Qc2 h6
15. Nd2 a6 16. Ne4 Qe7 17. Qd2 Rd8 18. h4 Qc7 19. Nxd6+ Qxd6 20. Rhe1 a5 21. f4
b4 22. f5 bxc3 23. bxc3 Qa3 24. Rc1 Rb8 25. Ka1 Bc8 26. Rc2 Rb3 27. Bc4 Rb6 28.
g4 Qa4 29. Bd3 Nxe3 30. Qxe3 O-O 31. f6 Ba6 32. fxg7 Kxg7 33. Qe5+ f6 34. Qc7+
Rf7 35. Qxb6 Bxd3 36. Rd2 Bc4 37. h5 Bd5 38. Qb1 f5 39. gxf5 exf5 40. Rg1+ Kh7
41. Qb8 Re7 42. Qg3 f4 43. Qg6+ Kh8 44. Qxh6+ Rh7 45. Qf8+ 1-0

[Event "English Womens Open Championship"]
[Site "Kenilworth"]
[Date "2023.05.27"]
[Round "4.4"]
[White "Varney, Zoe"]
[Black "Hryshchenko, Kamila"]
[Result "1-0"]
[WhiteElo "1974"]
[BlackElo "2169"]
[PlyCount "63"]
[EventDate "2023.05.26"]
[EventType "swiss"]
[EventRounds "7"]
[EventCountry "ENG"]
[SourceTitle "BritBase"]
[Source "John Saunders"]
[SourceDate "2023.05.30"]
[SourceVersion "1"]
[SourceVersionDate "2023.05.30"]
[SourceQuality "1"]

1. e4 g6 2. d4 Bg7 3. Nc3 a6 4. f4 d6 5. Be3 b5 6. Bd3 Nf6 7. e5 Ng4 8. Bd2 O-O
9. Qf3 Ra7 10. f5 dxe5 11. Qxg4 exd4 12. Nce2 c5 13. Qg3 Bb7 14. fxg6 hxg6 15.
Nf3 Nd7 16. Ng5 Qc8 17. O-O Nf6 18. Nxf7 Rxf7 19. Bxg6 Rf8 20. h3 Qc6 21. Rae1
e5 22. Rf5 Ba8 23. Rxe5 Qd6 24. Nf4 Nd5 25. Re6 Qc7 26. Qh4 Bf6 27. Qg4 Nxf4
28. Bxf4 Qg7 29. Re8 Raf7 30. Bxf7+ Kxf7 31. R1e7+ Bxe7 32. Rxe7+ 1-0

[Event "English Womens Open Championship"]
[Site "Kenilworth"]
[Date "2023.05.27"]
[Round "4.5"]
[White "Sivanandan, Bodhana"]
[Black "Kueh, Audrey"]
[Result "0-1"]
[WhiteElo "1792"]
[BlackElo "2129"]
[PlyCount "136"]
[EventDate "2023.05.26"]
[EventType "swiss"]
[EventRounds "7"]
[EventCountry "ENG"]
[SourceTitle "BritBase"]
[Source "John Saunders"]
[SourceDate "2023.05.30"]
[SourceVersion "1"]
[SourceVersionDate "2023.05.30"]
[SourceQuality "1"]

1. e4 c6 2. Nc3 d5 3. Nf3 Bg4 4. h3 Bxf3 5. Qxf3 e6 6. d3 Nd7 7. Qg3 g6 8. Be2
Ne7 9. O-O Bg7 10. exd5 cxd5 11. Nb5 O-O 12. c3 Nf5 13. Qc7 Qxc7 14. Nxc7 Rac8
15. Nb5 a6 16. Na3 b5 17. Bd2 b4 18. Nb1 a5 19. a3 bxc3 20. Bxc3 Nd4 21. Bd1
Nc5 22. Nd2 Nxd3 23. Rb1 a4 24. Bxd4 Bxd4 25. Bxa4 Nxb2 26. Bb5 Ra8 27. a4 Bc3
28. Nf3 Nxa4 29. Rfc1 Bf6 30. Bxa4 Rxa4 31. Rc7 Ra1 32. Rxa1 Bxa1 33. Kf1 Bf6
34. g4 h6 35. h4 g5 36. hxg5 hxg5 37. Nd2 Rb8 38. Ke2 Be5 39. Rd7 Rb2 40. Kd3
Bf4 41. Nf3 Rxf2 42. Nd4 Rd2+ 43. Kc3 Rg2 44. Nc6 Rxg4 45. Nd8 Be5+ 46. Kd3 Rf4
47. Nc6 Bf6 48. Rb7 Kg7 49. Ke3 Rc4 50. Nb4 Rc3+ 51. Kf2 Rb3 52. Rb8 Be5 53.
Rb5 Bc3 54. Kg2 Bxb4 55. Rb7 d4 56. Kf2 d3 57. Rd7 d2 58. Ke2 Rb1 59. Rxd2 Bxd2
60. Kxd2 Rf1 61. Ke2 Rf5 62. Ke3 g4 63. Ke2 g3 64. Ke3 g2 65. Ke2 g1=Q 66. Kd2
Qd4+ 67. Ke1 Qb2 68. Kd1 Rf1# 0-1

[Event "English Womens Open Championship"]
[Site "Kenilworth"]
[Date "2023.05.27"]
[Round "4.6"]
[White "Dicen, Elis Denele"]
[Black "Weersing, Abigail R"]
[Result "1-0"]
[WhiteElo "1925"]
[BlackElo "1932"]
[PlyCount "179"]
[EventDate "2023.05.26"]
[EventType "swiss"]
[EventRounds "7"]
[EventCountry "ENG"]
[SourceTitle "BritBase"]
[Source "John Saunders"]
[SourceDate "2023.05.30"]
[SourceVersion "1"]
[SourceVersionDate "2023.05.30"]
[SourceQuality "1"]

1. d4 d5 2. c4 e6 3. Nc3 Nf6 4. cxd5 exd5 5. Bg5 c6 6. e3 Be7 7. Bd3 O-O 8. Qc2
h6 9. Bh4 Re8 10. Nge2 Nbd7 11. O-O Nf8 12. f3 b5 13. Bf2 Ne6 14. Rad1 Qb6 15.
h3 Bb7 16. e4 b4 17. Na4 Qa5 18. e5 Nd7 19. f4 c5 20. dxc5 Rac8 21. b3 Rc7 22.
Qd2 Nexc5 23. Nxc5 Nxc5 24. Bb1 Rec8 25. Nd4 Ne4 26. Bxe4 dxe4 27. Nf5 Bf8 28.
Nd4 Ba6 29. Rfe1 Bd3 30. f5 Bc5 31. Qf4 Rd8 32. Ne2 Bxf2+ 33. Qxf2 Qxe5 34. Nf4
Qf6 35. Qg3 Rcd7 36. Nh5 Qg5 37. Qxg5 hxg5 38. Ng3 Rd4 39. Kf2 Bc2 40. Rxd4
Rxd4 41. Re2 Bb1 42. Ke3 Rd3+ 43. Kf2 e3+ 44. Kf3 Rd2 45. Rxe3 Rxa2 46. Re8+
Kh7 47. Re7 Ra3 48. Rxf7 Kg8 49. Rb7 Rxb3+ 50. Kg4 Rb2 51. Rxa7 Rxg2 52. Rb7
Rb2 53. Kxg5 b3 54. Kg6 Kf8 55. Rb8+ Ke7 56. Kxg7 Ba2 57. f6+ Ke6 58. f7 Rf2
59. f8=Q Rxf8 60. Kxf8 Kf6 61. h4 Kg6 62. Ne2 Kh5 63. Nd4 Kxh4 64. Nxb3 Kg4 65.
Ke7 Kf4 66. Kd6 Ke4 67. Kc5 Ke3 68. Kc4 Bb1 69. Rd8 Bg6 70. Rd6 Bf7+ 71. Kc3
Ke4 72. Rd4+ Ke5 73. Nd2 Ke6 74. Kd3 Bg6+ 75. Ke3 Bf7 76. Kf4 Be8 77. Ne4 Bg6
78. Rd6+ Kf7 79. Ke5 Bh5 80. Re6 Bg4 81. Nd6+ Kg7 82. Rf6 Bh5 83. Nf5+ Kg8 84.
Ke6 Be8 85. Ke7 Ba4 86. Rg6+ Kh7 87. Rg7+ Kh8 88. Kf8 Bb3 89. Nh4 Bf7 90. Ng6+
1-0

[Event "English Womens Open Championship"]
[Site "Kenilworth"]
[Date "2023.05.27"]
[Round "4.7"]
[White "Sheikh, Anum"]
[Black "Catabay, Mae"]
[Result "0-1"]
[WhiteElo "1751"]
[BlackElo "1542"]
[PlyCount "68"]
[EventDate "2023.05.26"]
[EventType "swiss"]
[EventRounds "7"]
[EventCountry "ENG"]
[SourceTitle "BritBase"]
[Source "John Saunders"]
[SourceDate "2023.05.30"]
[SourceVersion "1"]
[SourceVersionDate "2023.05.30"]
[SourceQuality "1"]

1. e4 e5 2. Nf3 Nf6 3. Nxe5 d6 4. Nf3 Nxe4 5. Nc3 Nxc3 6. dxc3 Be7 7. Bd3 Bg4
8. Bf4 Nd7 9. h3 Bh5 10. Qe2 Nc5 11. Bc4 O-O 12. O-O-O c6 13. g4 Bg6 14. Nd4 d5
15. f3 Bg5 16. Qd2 Bxf4 17. Qxf4 dxc4 18. Nxc6 Qf6 19. Qxf6 gxf6 20. Ne7+ Kh8
21. h4 Rfe8 22. Rhe1 h6 23. h5 Bh7 24. Rd4 Rad8 25. f4 Ne6 26. Ng6+ Kg7 27.
Rxc4 fxg6 28. hxg6 Bxg6 29. f5 Bf7 30. fxe6 Rxe6 31. Rf1 Rde8 32. Rc7 R8e7 33.
Rc8 Re2 34. Ra8 Bg6 0-1

[Event "English Womens Open Championship"]
[Site "Kenilworth"]
[Date "2023.05.27"]
[Round "4.8"]
[White "Jayawarna, Thisumi"]
[Black "Gamal, Alaa"]
[Result "1-0"]
[WhiteElo "1500"]
[BlackElo "1752"]
[PlyCount "127"]
[EventDate "2023.05.26"]
[EventType "swiss"]
[EventRounds "7"]
[EventCountry "ENG"]
[SourceTitle "BritBase"]
[Source "John Saunders"]
[SourceDate "2023.05.30"]
[SourceVersion "1"]
[SourceVersionDate "2023.05.30"]
[SourceQuality "1"]

1. e4 c5 2. Nf3 g6 3. d4 cxd4 4. Nxd4 Bg7 5. c4 Nc6 6. Nxc6 bxc6 7. Be2 Rb8 8.
Qc2 Nf6 9. Nc3 d6 10. O-O O-O 11. Be3 Qa5 12. Bd2 Qc7 13. Rac1 Bb7 14. b3 a6
15. h3 Rbc8 16. Bd3 d5 17. c5 Rcd8 18. f4 dxe4 19. Nxe4 Nd5 20. Rf3 Bc8 21. Ng3
Rd7 22. f5 Nf6 23. Bf4 Qa7 24. fxg6 hxg6 25. Qc4 Nd5 26. Bd2 Rdd8 27. Rcf1 Be6
28. Qc2 Bd4+ 29. Kh1 Qxc5 30. Bxg6 Qxc2 31. Bxc2 Nf6 32. Nf5 Bxf5 33. Rxf5 Rd5
34. Rxd5 cxd5 35. Rf5 Rc8 36. Bd3 Rc6 37. Bh6 Nh7 38. Rxd5 Bb6 39. Bd2 e6 40.
Rd7 Nf6 41. Rb7 Bf2 42. Bh6 Rc8 43. Bxa6 Nh5 44. Rxf7 Rc2 45. Rf8+ Kh7 46. Bd3+
Kxh6 47. Rh8+ Kg5 48. Rg8+ Kf4 49. Bxc2 Ng3+ 50. Rxg3 Bxg3 51. Kg1 Ke3 52. a4
Kd2 53. Bg6 Kc3 54. a5 e5 55. Bf7 e4 56. Bc4 Kd2 57. Kf1 Bc7 58. a6 Bb6 59. g4
Ke3 60. g5 Bd4 61. g6 Kf4 62. g7 Bxg7 63. a7 Kg3 64. a8=Q 1-0

[Event "English Womens Open Championship"]
[Site "Kenilworth"]
[Date "2023.05.27"]
[Round "4.9"]
[White "Latypova, Olga L"]
[Black "Sengenberger, Sara"]
[Result "1-0"]
[WhiteElo "1780"]
[BlackElo "1415"]
[PlyCount "45"]
[EventDate "2023.05.26"]
[EventType "swiss"]
[EventRounds "7"]
[EventCountry "ENG"]
[SourceTitle "BritBase"]
[Source "John Saunders"]
[SourceDate "2023.05.30"]
[SourceVersion "1"]
[SourceVersionDate "2023.05.30"]
[SourceQuality "1"]

1. e4 e6 2. d4 d5 3. Nd2 Nc6 4. Ngf3 Nf6 5. e5 Nd7 6. c3 f6 7. exf6 Qxf6 8. Bd3
Bd6 9. O-O O-O 10. Qc2 g6 11. Nb3 Qg7 12. Be3 e5 13. dxe5 Ncxe5 14. Nxe5 Bxe5
15. Qd2 Qf7 16. f4 d4 17. cxd4 Bg7 18. f5 Nf6 19. fxg6 Qe7 20. gxh7+ Kh8 21.
Bg5 Qd6 22. Rac1 b6 23. Bf4 1-0

[Event "English Womens Open Championship"]
[Site "Kenilworth"]
[Date "2023.05.27"]
[Round "4.10"]
[White "Gorrepati, Soumya"]
[Black "Hariharan, Shambavi"]
[Result "0-1"]
[WhiteElo "1612"]
[BlackElo "1523"]
[PlyCount "64"]
[EventDate "2023.05.26"]
[EventType "swiss"]
[EventRounds "7"]
[EventCountry "ENG"]
[SourceTitle "BritBase"]
[Source "John Saunders"]
[SourceDate "2023.05.30"]
[SourceVersion "1"]
[SourceVersionDate "2023.05.30"]
[SourceQuality "1"]

1. e4 c6 2. d4 d5 3. e5 c5 4. Nf3 Nc6 5. dxc5 Bg4 6. c3 e6 7. Be3 Bxf3 8. Qxf3
Nxe5 9. Bb5+ Nc6 10. Nd2 Nf6 11. c4 Be7 12. O-O-O O-O 13. Nb3 a6 14. Ba4 Rc8
15. Qg3 Ne4 16. Qh3 Bg5 17. f4 Bf6 18. Bxc6 bxc6 19. Qf3 Qc7 20. g4 g6 21. h4
dxc4 22. Qxe4 cxb3 23. axb3 Qa5 24. Kc2 Rb8 25. Bd4 Qb4 26. Qe3 Bxd4 27. Qxd4
Qxb3+ 28. Kc1 Rb4 29. Qf6 Rc4+ 30. Kd2 Rc2+ 31. Ke1 Qe3+ 32. Kf1 Qf2# 0-1

[Event "English Womens Open Championship"]
[Site "Kenilworth"]
[Date "2023.05.27"]
[Round "4.11"]
[White "Walker, Kate"]
[Black "Milewska, Agnieszka"]
[Result "1-0"]
[WhiteElo "1541"]
[BlackElo "1643"]
[PlyCount "109"]
[EventDate "2023.05.26"]
[EventType "swiss"]
[EventRounds "7"]
[EventCountry "ENG"]
[SourceTitle "BritBase"]
[Source "John Saunders"]
[SourceDate "2023.05.30"]
[SourceVersion "1"]
[SourceVersionDate "2023.05.30"]
[SourceQuality "1"]

1. d4 c6 2. c4 d5 3. cxd5 cxd5 4. Nc3 Nf6 5. Bf4 Nc6 6. Nf3 Bg4 7. e3 e6 8. Be2
Bd6 9. Bg3 O-O 10. O-O Bxg3 11. hxg3 a6 12. Rc1 Rc8 13. a3 Qd6 14. Nd2 Bf5 15.
f4 h6 16. g4 Bh7 17. Qe1 b5 18. b4 Ne7 19. Nb3 Ne4 20. Nc5 Nxc3 21. Rxc3 Be4
22. Qh4 Bg6 23. Kf2 f5 24. g5 hxg5 25. Qxg5 Kf7 26. Rfc1 Rb8 27. Nd3 Kg8 28.
Ne5 Rf6 29. Rc7 Rd8 30. Ra7 Nc8 31. Rxc8 Rxc8 32. Nxg6 Re8 33. Qh5 Rxg6 34.
Qxg6 Qf8 35. Bh5 Rc8 36. Qxe6+ Kh8 37. Qxd5 Qf6 38. g3 Rc2+ 39. Kf3 Kh7 40. Ra8
g6 41. Qg8+ Kh6 42. Qxg6+ Qxg6 43. Bxg6 Kxg6 44. Rxa6+ Kf7 45. Ra5 Ra2 46. Rxb5
Ke6 47. Ra5 Ra1 48. b5 Rf1+ 49. Ke2 Rg1 50. Kf2 Rb1 51. a4 Kd5 52. Ra6 Ke4 53.
Re6+ Kd3 54. Re5 Ra1 55. Rxf5 1-0

[Event "English Womens Open Championship"]
[Site "Kenilworth"]
[Date "2023.05.28"]
[Round "5.1"]
[White "Kueh, Audrey"]
[Black "Pert, Nina P"]
[Result "1-0"]
[WhiteElo "2129"]
[BlackElo "1999"]
[PlyCount "117"]
[EventDate "2023.05.26"]
[EventType "swiss"]
[EventRounds "7"]
[EventCountry "ENG"]
[SourceTitle "BritBase"]
[Source "John Saunders"]
[SourceDate "2023.05.30"]
[SourceVersion "1"]
[SourceVersionDate "2023.05.30"]
[SourceQuality "1"]

1. e4 c6 2. d4 d5 3. Nd2 dxe4 4. Nxe4 Nf6 5. Nxf6+ exf6 6. c3 Bd6 7. Bd3 O-O 8.
Qc2 Re8+ 9. Ne2 h5 10. O-O h4 11. h3 Nd7 12. Be3 Nf8 13. c4 Be6 14. Rad1 Rc8
15. Nf4 b5 16. b3 Qd7 17. Nxe6 Nxe6 18. Bh7+ Kf8 19. d5 cxd5 20. Rxd5 Qc7 21.
Rfd1 Rcd8 22. cxb5 Qe7 23. Bf5 Ng5 24. Qc4 g6 25. Qxh4 Kg7 26. Qd4 Be5 27. Qxa7
Qxa7 28. Bxa7 Rxd5 29. Rxd5 gxf5 30. b6 Re7 31. a4 Ne4 32. a5 Nc3 33. Rxe5 fxe5
34. a6 Ne2+ 35. Kh2 Nd4 36. Bb8 Nc6 37. a7 Re8 38. a8=Q Nxb8 39. Qb7 e4 40. g3
Kf6 41. b4 Ke6 42. b5 f6 43. Kg2 Ke5 44. h4 f4 45. Qc7+ Ke6 46. gxf4 Nd7 47.
Qc6+ Ke7 48. Qxe4+ Kf7 49. Qd5+ Ke7 50. b7 Rb8 51. Kf3 Rh8 52. h5 Rd8 53. Qe4+
Kf7 54. Qg6+ Ke6 55. h6 Nf8 56. Qe4+ Kf7 57. Qc4+ Kg6 58. Qc7 Ne6 59. Qxd8 1-0

[Event "English Womens Open Championship"]
[Site "Kenilworth"]
[Date "2023.05.28"]
[Round "5.2"]
[White "Maton, Emily"]
[Black "Toma, Katarzyna"]
[Result "1/2-1/2"]
[WhiteElo "1766"]
[BlackElo "2254"]
[PlyCount "114"]
[EventDate "2023.05.26"]
[EventType "swiss"]
[EventRounds "7"]
[EventCountry "ENG"]
[SourceTitle "BritBase"]
[Source "John Saunders"]
[SourceDate "2023.05.30"]
[SourceVersion "1"]
[SourceVersionDate "2023.05.30"]
[SourceQuality "1"]

1. c4 e5 2. Nc3 Nc6 3. Nf3 g6 4. e3 Bg7 5. d4 d6 6. Be2 exd4 7. exd4 Nf6 8. Be3
O-O 9. Qd2 d5 10. O-O Ne7 11. b3 Nf5 12. Bg5 dxc4 13. bxc4 h6 14. Be3 Nxe3 15.
Qxe3 Re8 16. Qd2 Bf5 17. Rad1 Ne4 18. Nxe4 Bxe4 19. Ne1 Qe7 20. Bf3 Rad8 21.
Bxe4 Qxe4 22. Nf3 Qc6 23. Qd3 Qd6 24. h3 Bf6 25. Rfe1 Kg7 26. Rxe8 Rxe8 27. Qb3
Qb6 28. Qc2 c6 29. Rb1 Qc7 30. Qd3 b6 31. Rd1 Qd6 32. Qc2 Re7 33. Qd3 Rd7 34.
Qe4 b5 35. cxb5 cxb5 36. d5 Rc7 37. Qd3 Rc5 38. Nh2 h5 39. Nf1 b4 40. Ne3 Rc3
41. Qe4 a5 42. g3 a4 43. Rb1 b3 44. axb3 axb3 45. Nd1 Rc5 46. Rxb3 Rxd5 47. Ne3
Re5 48. Qd3 Qc6 49. Rb1 Qf3 50. h4 Re4 51. Qf1 Bd4 52. Qg2 Qxg2+ 53. Nxg2 Re2
54. Rf1 Ra2 55. Nf4 Kf6 56. Kg2 Kf5 57. Nh3 Ra1 1/2-1/2